Groups of Things - One Piece - Statistics

General Stats
  • This quiz has been taken 6,761 times
  • The average score is 31 of 38
Answer Stats
Straw Hat Crew % Correct
Monkey D. Luffy
100%
Nami
99%
Roronoa Zoro
99%
Sanji
99%
Franky
98%
Nico Robin
98%
Tony Tony Chopper
98%
Usopp
98%
Brook
97%
Trafalgar D. Water Law
96%
Shanks
94%
Charlotte Linlin
93%
Edward Newgate
92%
Kaido
91%
Marshall D. Teach
90%
Boa Hancock
89%
Eustass Kid
89%
Portgas D. Ace
89%
Donquixote Doflamingo
88%
Dracule "Hawk Eye" Mihawk
86%
Crocodile
84%
Monkey D. Dragon
83%
Monkey D. Garp
83%
Portgas D. Rouge
82%
Gekko Moriah
81%
Bartholomew Kuma
75%
Jinbe
75%
Buggy
73%
Gol D. Roger
69%
Jewelry Bonney
69%
Killer
68%
Basil Hawkins
64%
Capone Bege
63%
X Drake
63%
Scratchmen Apoo
60%
Urouge
55%
Jaguar D. Saul
51%
Edward Weevil
42%
No matching quizzes found
Score Distribution
Percent of People with Each Score
Percentile by Number Answered
Your Score History
You have not taken this quiz